[Event "1st Sivas Buruciye Open 2019"]
[Site "Sivas"]
[Date "2019.08.19"]
[Round "1"]
[White "Sandalakis, Angelos"]
[Black "Atababayev, Khalid"]
[Result "1-0"]
[WhiteElo "2439"]
[BlackElo "2059"]
[Annotator "TA"]
[PlyCount "55"]
[EventDate "2019.08.19"]
[EventType "swiss"]
[EventCountry "TUR"]
[SourceTitle "playchess.com"]
[Source "ChessBase"]
[SourceQuality "1"]

{[%evp 9,91,0,41,28,58,57,62,55,62,43,79,73,86,98,105,89,84,81,86,72,83,72,117,127,128,131,138,122,137,82,93,102,161,162,222,227,291,179,327,346,391,379,572,567,552,538,567,393,412,416,395,305,350,365,369,332,381,312,325,302,315,270,333,332,350,342,347,344,338,316,335,318,331,329,332,312,356,339,406,409,485,475,455,445]} 1. d4 d5 2. c4 e6 3. Nf3 Nf6 4. g3 Be7 5. Bg2 a6 (5... O-O 6. Nc3 dxc4 7. Ne5 c5 8. dxc5 Qxd1+ 9. Nxd1 Bxc5 10. O-O Nc6 11. Bxc6 bxc6 12. Be3 Bb6 13. Bxb6 axb6 14. Nc3 Bd7 15. Rfd1 Rfd8 16. Nxc4 b5 17. Ne5 Be8 18. Rxd8 Rxd8 {1-0 (64) Giri,A (2797)-Jakovenko,D (2719) Shenzhen 2019}) 6. O-O {E06: Closed Catalan: Early deviations} dxc4 7. Ne5 Nd5 8. Nxc4 {White is slightly better.} b5 9. Ne5 Bb7 10. Nd2 $146 ({Predecessor:} 10. e4 Nf6 11. Qc2 O-O 12. Be3 a5 {1-0 (27) Mareco,S (2644)-Acosta,P (2409) Buenos Aires 2017}) 10... Nc6 11. Nxc6 Bxc6 12. Nb3 Rc8 13. Bd2 O-O 14. Rc1 Ba8 15. Ba5 Bb4 16. Bxb4 Nxb4 17. Bxa8 Rxa8 18. a3 Nd5 19. Qc2 (19. Na5 $142) 19... Rc8 20. Nc5 {[%cal Bb3c5,Bc5a6,Ba6b4,Bb4c6][%mdl 32]} Qg5 (20... Nf6 $16) 21. Nxa6 $18 f5 (21... c6 {was called for.} 22. e4 Nb6) 22. Qc6 Rf6 23. Nb4 ({Don't play} 23. Qxb5 Qh5 $18) 23... Nf4 (23... Nxb4 $142 24. axb4 f4) 24. Qf3 Nh3+ 25. Kg2 f4 (25... Qh6 $142 26. Qb7 Rcf8) 26. Rc5 ({Not} 26. Kxh3 Qh6+ 27. Kg2 fxg3 $14) 26... Qg6 {[#] White must now prevent ...fxg3.} 27. Nc6 {Strongly threatening Ne7+.} Re8 {and the idea ...fxg3 leaves Black hopeful.} 28. Kxh3 {Played: Nc6-e5} 1-0

[Event "1st Sivas Buruciye Open 2019"]
[Site "Sivas"]
[Date "2019.08.19"]
[Round "1"]
[White "Saraci, Nderim"]
[Black "Abishli, Oghuz"]
[Result "1-0"]
[WhiteElo "2398"]
[BlackElo "2038"]
[Annotator "TA"]
[PlyCount "69"]
[EventDate "2019.08.19"]
[EventType "swiss"]
[EventCountry "TUR"]
[SourceTitle "playchess.com"]
[Source "ChessBase"]
[SourceQuality "1"]

{[%evp 12,99,49,45,40,31,77,51,79,70,78,74,83,71,96,125,156,98,129,108,125,110,121,85,103,37,45,43,74,78,210,71,103,79,70,68,118,117,124,115,114,115,135,133,166,168,156,161,159,143,146,152,164,146,239,237,285,276,529,504,1085,1085,1079,1082,1032,1039,1011,990,880,581,541,643,645,615,860,824,726,618,708,539,792,783,711,695,905,905,902,890,844,845]} 1. Nf3 c5 2. g3 Nc6 3. Bg2 g6 4. O-O Bg7 5. c4 d6 6. Nc3 Qd7 7. e3 b6 {A37: Symmetrical English vs ...g6: 4 Bg2 Bg7 5 Nf3} (7... Bxc3 8. bxc3 f5 9. d3 Nf6 10. Nd2 b6 11. f4 Bb7 12. e4 O-O-O 13. Re1 fxe4 14. Nxe4 Nxe4 15. Bxe4 {½-½ (45) Nakamura,H (2775)-Carlsen,M (2835) Moscow 2012}) 8. d4 Bb7 9. b3 (9. d5 $5 {[%cal Rd5c6]}) 9... Nh6 {White is slightly better.} 10. Bb2 O-O 11. Qd2 $146 ({Predecessor:} 11. d5 Nd8 12. Ng5 Nf5 13. Qd2 a6 14. Ne2 h6 {½-½ (44) Sternlund,H (2220)-Logdahl,H (2382) Sweden 2009}) 11... Rad8 12. Rad1 Qc8 13. d5 Nb8 14. Rfe1 (14. Ng5 $142) 14... a6 15. e4 Qc7 16. Ne2 Bc8 17. h3 e5 18. dxe6 ({White should try} 18. Qd3 $16) 18... fxe6 $14 19. Bxg7 Qxg7 20. e5 d5 (20... Nf7 $16) 21. cxd5 (21. Nf4 $18 {and White stays clearly on top.}) 21... Rxd5 $16 22. Qc1 Rxd1 23. Qxd1 Nf7 24. Nf4 Rd8 25. Qe2 Nc6 26. h4 Qf8 {[#]} 27. h5 $1 g5 {[#]} 28. Nxg5 $1 {[%mdl 576] Discovered Attack} Nd4 (28... Nxg5 29. Bxc6) 29. Qg4 {Threatens to win with Nxh7+!} Qg7 30. Nxf7 Kxf7 31. Qh4 $40 {[%mdl 128] White wants a kill.} Rg8 32. Nh3 Ke8 (32... Qg4 $16 {was necessary.} 33. Qxg4 (33. Qf6+ Ke8 $16) 33... Rxg4) 33. Qe4 $18 Qf7 34. Nf4 Bd7 $2 (34... Qc7 35. Ne2 Nf5) 35. Qa8+ {Played: Qe4-b7} 1-0

[Event "1st Sivas Buruciye Open 2019"]
[Site "Sivas"]
[Date "2019.08.19"]
[Round "1"]
[White "Barsov, Alexei"]
[Black "Hajiyev, Shahin"]
[Result "1/2-1/2"]
[WhiteElo "2383"]
[BlackElo "2033"]
[Annotator "TA"]
[PlyCount "41"]
[EventDate "2019.08.19"]
[EventType "swiss"]
[EventCountry "TUR"]
[SourceTitle "playchess.com"]
[Source "ChessBase"]
[SourceQuality "1"]

{[%evp 12,41,23,10,15,12,25,33,94,-43,50,74,47,0,94,87,107,99,302,288,309,303,247,65,70,67,166,-112,-103,-194,-42,-38]} 1. d4 d5 2. c4 c6 3. cxd5 cxd5 4. Bf4 Nc6 5. e3 Nf6 6. Nc3 a6 7. Be2 Bf5 {D10: Slav Defence: 3 cxd5 (without early Nf3) and 3 Nc3} (7... e6 8. Rc1 Be7 9. h3 O-O 10. Nf3 b5 11. O-O Bb7 12. Bd3 Rc8 13. Qe2 Qa5 14. a3 b4 15. axb4 Nxb4 {1-0 (75) Li,C (2732)-Duda,J (2724) Liaocheng 2018}) 8. Nf3 Rc8 9. Ne5 e6 {[#]} (9... Nxe5 $14 10. Bxe5 (10. dxe5 Ne4 $11) 10... e6) 10. g3 $146 (10. g4 $1 $16 {[%cal Rg4f5]} Bg6 11. h4) ({Predecessor:} 10. g4 Bg6 11. h4 Qb6 12. h5 Be4 13. O-O Qxb2 14. Na4 Qb4 15. Rc1 h6 16. a3 Qxa3 {1-0 (40) Kekelidze,M (2459)-Yang,D (2439) Arlington 2011}) 10... Bg6 (10... Nxe5 $15 11. Bxe5 Qb6) 11. h4 $14 Qb6 12. h5 Qxb2 (12... Nxe5 $11 {keeps the balance.} 13. Bxe5 Qxb2 14. hxg6 Qxc3+ 15. Kf1 fxg6) 13. hxg6 $16 Qxc3+ 14. Kf1 Nxe5 $2 {[#]} (14... fxg6 $16 15. Nxg6 Rg8) 15. dxe5 $18 Ne4 16. Rxh7 Rg8 17. Kg2 $2 ({Better is} 17. Qa4+ $18 Rc6 18. gxf7+ Kxf7 19. Bh5+ Ke7 20. Rd1) 17... fxg6 $14 18. Bd3 {Threatens to win with Bxe4.} Kf7 (18... Be7 $1 $14) 19. Qb1 $2 (19. Bxe4 $1 $18 dxe4 20. Bg5 (20. Qd7+ Be7 $17)) 19... Be7 $17 {...g5 is the strong threat.} 20. Rh1 (20. g4 $17 {was called for.}) 20... Rc7 $2 ({Black should try} 20... g5 $19 21. Bxe4 dxe4 22. Bxg5 Bxg5 23. Qxb7+ Be7 24. Qxe4 Qc6 25. Qxc6 Rxc6) 21. Bxe4 {Accuracy: White = 27%, Black = 13%.} 1/2-1/2

[Event "1st Sivas Buruciye Open 2019"]
[Site "Sivas"]
[Date "2019.08.19"]
[Round "1"]
[White "Sevdimaliyev, Urfan"]
[Black "Akbas, Umut Ata"]
[Result "1-0"]
[WhiteElo "2348"]
[BlackElo "1986"]
[Annotator "TA"]
[PlyCount "103"]
[EventDate "2019.08.19"]
[EventType "swiss"]
[EventCountry "TUR"]
[SourceTitle "playchess.com"]
[Source "ChessBase"]
[SourceQuality "1"]

{[%evp 16,103,33,31,47,12,13,14,44,43,36,18,56,57,58,54,45,20,31,10,25,0,49,40,118,126,116,125,142,131,154,124,151,159,164,150,171,152,158,153,167,160,158,141,181,177,181,181,180,164,164,106,181,175,180,100,154,148,154,139,135,84,92,95,248,248,214,195,830,818,941,912,1025,1011,1699,1622,6204,6295,5690,2396,29971,29972,29972,29973,29970,29973,29973,29974,29962,29972]} 1. d4 Nf6 2. Nf3 g6 3. Bg5 Bg7 4. Nbd2 d6 5. c3 h6 6. Bh4 g5 7. Bg3 Nh5 8. e4 e6 9. Bd3 Qe7 {A48: 1 d4 Nf6 2 Nf3 g6: Torre, London and Colle Systems} 10. Ng1 Nxg3 11. hxg3 c5 $146 {The position is equal.} ({Predecessor:} 11... Nc6 12. Ne2 h5 13. f4 Bd7 14. Nf3 gxf4 15. gxf4 O-O-O 16. Qc2 e5 {½-½ (49) Kunte,A (2519)-Al Modiahki,M (2563) Cebu 2007}) 12. dxc5 dxc5 13. f4 Bd7 14. e5 Nc6 15. Nc4 O-O-O $1 16. Qb3 $36 {[%mdl 2048] Hoping for Nd6+. White has some pressure.} Kb8 17. Nf3 g4 18. Nh4 Be8 (18... Bc8 $5 {[%cal Rd8d3]} 19. O-O-O Qc7 $14) 19. O-O-O f6 (19... h5 $14) 20. exf6 $16 Bxf6 21. Ng6 Bxg6 22. Bxg6 Qc7 23. Be4 e5 {[#]} 24. f5 $1 Rxd1+ 25. Qxd1 Na5 26. Nxa5 Bg5+ 27. Kb1 Qxa5 28. Qxg4 Rd8 29. Rd1 Rxd1+ 30. Qxd1 Qd8 {[%cal Rd8d1] [#]} 31. Qb3 $1 {[%csl Ge4][%cal Rb3b7]} Qd7 32. a4 a6 33. Qc4 (33. Ka2 $18) 33... Qd6 (33... b5 $16 {was necessary.} 34. axb5 axb5 35. Qg8+ (35. Qxc5 Qd1+ 36. Ka2 Qa4+ {[%mdl 64] Double Attack} 37. Qa3 Qxe4 $17) 35... Kc7) 34. Bd5 Ka7 35. Qe4 (35. Bf3 $18) 35... Bf6 ({Black should play} 35... b5) 36. Kc2 Qd7 37. Be6 Qd6 38. Qd5 ({White should try} 38. g4) 38... Qxd5 39. Bxd5 {[%mdl 4096] Endgame KB-KB} a5 $2 (39... b5 $16) 40. Kd3 $18 Kb8 41. Kc4 b6 $2 (41... Kc7 42. Kxc5 b6+ 43. Kb5 Bg5) 42. Bc6 Kc7 {[#]} 43. Kd5 $1 e4 44. Bb5 e3 45. Ke6 Bg5 46. f6 {Intending f7 and mate.} Kd8 47. Kf7 Kc7 48. Kg7 {White mates.} Kd6 49. f7 Be7 50. f8=Q Bxf8+ 51. Kxf8 Kd5 52. Be2 {Accuracy: White = 71%, Black = 32%.} 1-0

[Event "1st Sivas Buruciye Open 2019"]
[Site "Sivas"]
[Date "2019.08.19"]
[Round "1"]
[White "Percin, Onder"]
[Black "Annaberdiev, Meilis"]
[Result "0-1"]
[WhiteElo "2036"]
[BlackElo "2518"]
[Annotator "TA"]
[PlyCount "82"]
[EventDate "2019.08.19"]
[EventType "swiss"]
[EventCountry "TUR"]
[SourceTitle "playchess.com"]
[Source "ChessBase"]
[SourceQuality "1"]

{[%evp 15,82,-8,1,-8,18,0,0,-22,-10,-37,-28,-61,-26,-72,-58,-73,-58,-93,-93,-91,-89,-154,0,0,58,57,229,198,202,80,219,219,218,204,258,268,501,0,0,0,0,0,-8,-14,-17,-58,-48,-52,-54,-64,-38,-199,-197,-266,-246,-258,-248,-244,-182,-176,-167,-183,-160,-154,-160,-231,-228,-413,-406]} 1. e4 c5 2. Nc3 d6 3. g3 g6 4. Bg2 Bg7 5. d3 Nc6 6. f4 e6 7. Nf3 Nge7 8. Be3 b6 9. Bf2 {B25: Closed Sicilian: 3 g3, lines without early Be3} Qd7 10. O-O O-O 11. Re1 {The position is equal.} Bb7 12. Qd2 Nd4 13. Nd1 $146 ({Predecessor:} 13. Nxd4 cxd4 14. Ne2 e5 15. c3 dxc3 16. bxc3 d5 17. exd5 Bxd5 18. Bxd5 Nxd5 19. fxe5 Bxe5 {½-½ (68) Mastrovasilis,A (2539)-Jankovic,A (2567) Leros 2010}) 13... e5 14. c3 Nxf3+ 15. Bxf3 f5 16. Be3 fxe4 17. dxe4 exf4 18. Bxf4 {[#]} (18. gxf4 $142 Rae8 19. Qg2) 18... Rad8 $2 (18... g5 $1 $17 {[%cal Rg5f4][%mdl 512]} 19. Qxd6 (19. Bxg5 Rxf3) 19... Qc6 20. Qxe7 gxf4) 19. Ne3 $11 Be5 (19... Nc6 $11) 20. Bg4 $14 Qa4 $2 ({Black should play} 20... Qc7 $14) 21. Be6+ Kh8 22. Bh6 (22. Bg5 $1 $18 {[%cal Rg5e7] and the rest is easy.} Rde8 23. Nc4) 22... Rf6 (22... Qxe4 $16 {was necessary.} 23. Ng2 Qc6) 23. Bb3 $1 $18 {[%cal Rb3a4]} Qxe4 {[%csl Gb7][%cal Re4h1] [#]} 24. Nd5 $1 {[%mdl 512]} Rf1+ (24... Bxd5 25. Rxe4) 25. Rxf1 Nxd5 $2 (25... c4) 26. Rae1 $2 (26. Bc2 $18 Qg4 27. Rf7) 26... Ne3 $1 $40 {[%mdl 128] ...Bxg3! is the strong threat. Black mounts an attack.} 27. Rxe3 Qh1+ 28. Kf2 Qxh2+ {[%mdl 64] Double Attack} 29. Ke1 Qxh6 30. Qf2 {And now Rxe5! would win.} Qg5 $1 {aiming for ...Ba6.} 31. Kd1 {[#]} Bg2 $1 {[%mdl 512]} 32. Rfe1 (32. Qxg2 Qxe3) 32... Bh3 33. Kc1 $2 {[#]} ({White should try} 33. Bc4 $15) 33... Bd4 $1 $19 {[%mdl 576] Pin, Skewer} 34. Qf4 (34. Qd2 $142 Bxe3 35. Qxe3 Qxe3+ 36. Rxe3) (34. cxd4 cxd4) 34... Qxf4 ({But not} 34... Bxe3+ 35. Qxe3 Qxe3+ 36. Rxe3 $19) 35. gxf4 Bxe3+ 36. Rxe3 {[%mdl 4096] Endgame KRB-KRB} Bf5 37. Bd5 h5 38. Kd2 Rd7 39. Ke2 Kg7 40. Kf2 (40. Re8 $17) 40... Kf8 41. Be6 $2 (41. Re1) 41... Re7 {Accuracy: White = 34%, Black = 52%.} 0-1

[Event "1st Sivas Buruciye Open 2019"]
[Site "Sivas"]
[Date "2019.08.19"]
[Round "1"]
[White "Buke, Furkan"]
[Black "Bagaturov, Giorgi"]
[Result "0-1"]
[WhiteElo "2030"]
[BlackElo "2417"]
[Annotator "TA"]
[PlyCount "58"]
[EventDate "2019.08.19"]
[EventType "swiss"]
[EventCountry "TUR"]
[SourceTitle "playchess.com"]
[Source "ChessBase"]
[SourceQuality "1"]

{[%evp 17,58,16,45,25,73,62,77,56,55,51,50,58,45,-24,-18,-16,33,8,8,2,52,55,56,50,66,63,59,56,56,50,49,46,59,52,71,82,111,-118,-116,-29996,-29997,-29997,-29998]} 1. e4 c5 2. Nf3 Nc6 3. d4 cxd4 4. Nxd4 Nf6 5. Nc3 d6 6. Bc4 Qb6 7. Nb3 e6 8. Bf4 Ne5 9. Be2 a6 10. g4 {B57: Classical Sicilian: Sozin with 6...Qb6} (10. Be3 Qc7 11. f4 Nc4 12. Bxc4 Qxc4 13. Qd3 Qxd3 14. cxd3 Bd7 15. Bb6 Be7 16. Na5 O-O 17. Rc1 Rfc8 18. a3 Be8 19. b4 {0-1 (35) Polgar,J (2685)-Bartel,M (2641) Budapest 2014}) 10... Be7 11. g5 Nfd7 12. Be3 {White is better.} Qc7 13. f4 $146 ({Predecessor:} 13. Qd4 O-O 14. f4 Nc6 15. Qd2 b5 16. O-O-O Nc5 17. Nxc5 dxc5 {0-1 (39) Vaibhav,S (2418)-Alekseenko,K (2284) Porto Carras 2010}) 13... Nc4 14. Bxc4 $1 Qxc4 15. Qg4 ({Better is} 15. Qh5 $14) 15... b5 $11 16. a3 Qc7 17. h4 Nb6 18. Nd2 Bb7 19. f5 exf5 20. Qxf5 O-O 21. O-O-O Rac8 22. Bxb6 Qxb6 23. Nd5 Bxd5 24. exd5 b4 {[#] Hoping for ...bxa3.} 25. a4 $1 b3 26. c3 Qb4 {aiming for ...Rxc3+!} 27. Qe4 $2 (27. Rde1 $16 {is necessary to keep the advantage.} Qb7 28. Re3) 27... Rxc3+ $1 $17 {[%mdl 64] [#] Deflection, Promotion} 28. bxc3 $4 {[%mdl 8192]} (28. Kb1 $17 Qxe4+ 29. Nxe4) 28... Qa3+ 29. Kb1 Qa2+ {Accuracy: White = 46%, Black = 71%.} 0-1

[Event "1st Sivas Buruciye Open 2019"]
[Site "Sivas"]
[Date "2019.08.19"]
[Round "1"]
[White "Percin, Baris"]
[Black "Abdulov, Orkhan"]
[Result "1/2-1/2"]
[WhiteElo "1987"]
[BlackElo "2397"]
[Annotator "TA"]
[PlyCount "107"]
[EventDate "2019.08.19"]
[EventType "swiss"]
[EventCountry "TUR"]
[SourceTitle "playchess.com"]
[Source "ChessBase"]
[SourceQuality "1"]

{[%evp 17,107,-15,-6,-24,-8,-52,-55,-38,-27,-69,-36,-41,-35,-45,-36,-52,-48,-41,-55,-33,-14,-37,-33,-69,-95,-131,-85,-122,-145,-140,-134,-131,-131,-130,-127,-107,-65,-89,-68,-67,-57,-62,-48,-54,-55,-100,-82,-148,-147,-165,-164,-138,-147,-228,-177,-145,0,0,0,0,0,0,0,0,0,0,0,0,0,0,0,0,0,0,0,0,0,0,0,0,0,0,0,0,0,0,0,0,0,0,0,0]} 1. e4 c5 2. Nc3 Nc6 3. g3 g6 4. Bg2 Bg7 5. d3 d6 6. f4 e6 7. Nf3 Nge7 8. O-O O-O 9. Be3 Rb8 10. Qe1 {B25: Closed Sicilian: 3 g3, lines without early Be3} (10. Qd2 b6 11. d4 Ba6 12. Rfd1 Qc7 13. f5 exf5 14. Bh6 Rfe8 15. Bxg7 Kxg7 16. d5 Nd4 17. Nxd4 cxd4 18. Qxd4+ Kg8 19. Kh1 {1-0 (72) Mamedyarov,S (2765)-Wang,Y (2720) Beijing 2014}) 10... b5 {[%cal Bb7b5,Bb5b4][%mdl 32]} 11. g4 b4 12. Nd1 {Black is slightly better.} f5 13. h3 fxe4 $146 ({Predecessor:} 13... e5 14. Qg3 Bb7 15. gxf5 gxf5 16. fxe5 fxe4 17. dxe4 dxe5 18. Bxc5 {1-0 (28) Meingast,M (2056)-Schwertler,P (1888) Bayern 2006}) 14. dxe4 Nd4 15. Qd2 {[%cal Rf3d4]} Nec6 16. c3 bxc3 17. bxc3 Nxf3+ 18. Bxf3 Na5 19. Be2 Bb7 20. Qc2 Qh4 $36 {[%mdl 2048] Black has strong initiative.} 21. Kh2 {[#]} g5 $1 {[%cal Rg5f4][%mdl 512] ...gxf4 is the strong threat.} 22. Bf2 (22. fxg5 Be5+) 22... Qh6 23. f5 exf5 24. exf5 Be5+ 25. Bg3 Bxg3+ $1 26. Kxg3 Qf6 {Hoping for ...Qe5+.} 27. Bf3 Qe5+ 28. Kg2 $1 Nc4 29. Qd3 Bxf3+ 30. Rxf3 d5 31. Nf2 Rb2 32. Rd1 ({Better is} 32. Re1 Qxe1 33. Qxd5+ Kg7 34. Qxc4) 32... Kh8 $17 33. Kg1 {[#]} Nd2 $1 {[%mdl 512]} 34. Re3 (34. Rxd2 Qe1+) 34... Ne4 $1 35. Rf1 (35. Rf3 $17 Rd8 36. c4) 35... Rxa2 36. Qb1 {[#]} Re2 (36... Rd2 $1 $17 37. Qe1 Rc2) 37. Rxe2 $11 {The position is equal.} Qg3+ 38. Kh1 Qf3+ {[%mdl 64] Double Attack} 39. Kg1 Qxe2 40. Nxe4 dxe4 {[%mdl 4096] Endgame KQR-KQR} 41. Qb7 {And now f6 would win.} Qd3 {Strongly threatening ...Qg3+.} 42. Kg2 {Black must now prevent f6.} Qxc3 43. Qxe4 Qf6 44. Rc1 Qd6 45. Qe3 Qd5+ 46. Kf2 Rb8 47. Rc2 Qd4 48. Rxc5 Rb2+ {[#]} 49. Kf3 $1 {[%mdl 512] Threatening mate with Qe8+.} Qd1+ 50. Kg3 $1 {Qe8+ would kill now.} Rb3 {( -> ...Qg1+)} 51. Rc3 Qd6+ 52. Kf3 Qd5+ 53. Kg3 $1 Qd6+ 54. Kf3 {Accuracy: White = 55%, Black = 68%.} 1/2-1/2

[Event "1st Sivas Buruciye Open 2019"]
[Site "Sivas"]
[Date "2019.08.19"]
[Round "1"]
[White "Yigit, Ahmet Yasir"]
[Black "Odeev, Handszar"]
[Result "1/2-1/2"]
[WhiteElo "1956"]
[BlackElo "2360"]
[Annotator "TA"]
[PlyCount "65"]
[EventDate "2019.08.19"]
[EventType "swiss"]
[EventCountry "TUR"]
[SourceTitle "playchess.com"]
[Source "ChessBase"]
[SourceQuality "1"]

{[%evp 14,65,30,23,43,6,44,0,10,-10,-4,-9,-4,-95,-82,-107,-101,-85,-91,-93,-104,-114,-68,-61,-62,-56,-7,-28,-19,-55,-40,-48,60,62,60,62,65,62,63,62,66,58,67,59,59,60,55,59,82,82,82,82,79,64]} 1. e4 c5 2. Nf3 d6 3. d4 cxd4 4. Nxd4 Nf6 5. Nc3 a6 6. h3 e6 7. g4 Be7 8. Bg2 Nfd7 {B81: Sicilian Scheveningen: Keres Attack} 9. Be3 Nc6 10. Qe2 (10. h4 O-O 11. g5 Nde5 12. Qe2 Nxd4 13. Bxd4 Nc6 14. Be3 Bd7 15. f4 {½-½ (30) Dominguez Perez,L (2739)-Grischuk,A (2766) Saint Louis 2018}) 10... O-O {The position is equal.} 11. O-O Nxd4 12. Bxd4 b5 {[%cal Bb7b5,Bb5b4][%mdl 32]} 13. Rad1 {[#]} (13. e5 $11 {remains equal.} d5 14. a3) 13... b4 $1 $17 {[%cal Rb4c3]} 14. Na4 $146 ({Predecessor:} 14. e5 d5 15. Nxd5 exd5 16. Bxd5 {½-½ (57) Ezzati,F-Etemadi,S Iran 1993}) 14... a5 15. Rfe1 Ba6 16. Qd2 Bb5 17. b3 Qc7 18. Nb2 Rac8 19. Rc1 Bf6 20. Bxf6 Nxf6 21. g5 Nh5 22. Bf3 $1 {[%cal Rf3h5]} Qc3 (22... g6 $15) 23. Qxc3 $14 bxc3 24. Nd3 Bxd3 25. Bxh5 Ba6 26. Rcd1 Rfd8 27. f4 Kf8 28. Kf2 Ke7 29. Re3 Rc5 30. Be2 Ra8 31. Bxa6 {White is better.} Rxa6 32. Rdd3 Rac6 33. a4 {Accuracy: White = 57%, Black = 55%.} 1/2-1/2

[Event "1st Sivas Buruciye Open 2019"]
[Site "Sivas"]
[Date "2019.08.19"]
[Round "1"]
[White "Basaran, Cahit"]
[Black "Yilmaz, Huseyin"]
[Result "1-0"]
[WhiteElo "1834"]
[BlackElo "1369"]
[Annotator "NA RC"]
[PlyCount "115"]
[EventDate "2019.08.19"]
[EventType "swiss"]
[EventCountry "TUR"]
[SourceTitle "playchess.com"]
[Source "ChessBase"]
[SourceQuality "1"]
[TimeControl "5400+30"]

1. e4 {[%emt 0:00:30]} c5 {[%emt 0:00:30]} 2. Nf3 {[%emt 0:00:00]} Nc6 {[%emt 0:00:30]} 3. d4 {[%emt 0:00:00]} cxd4 {[%emt 0:00:00]} 4. Nxd4 {[%emt 0:00:00]} g6 {[%emt 0:00:00]} 5. Be3 {[%emt 0:01:00]} Bg7 {[%emt 0:00:00]} 6. Nc3 {[%emt 0:00:00]} Nf6 {[%emt 0:00:00]} 7. Bc4 {[%emt 0:00:00]} O-O {[%emt 0:00:30]} 8. f3 {[%emt 0:00:30]} a6 {[%emt 0:00:30]} 9. Qd2 {[%emt 0:01:30]} e6 {[%emt 0:01:30]} 10. Bb3 {[%emt 0:04:30]} d5 {[%emt 0:02:30]} 11. O-O-O {[%emt 0:04:30]} Na5 {[%emt 0:01:30]} 12. exd5 {[%emt 0:05:30]} Nxb3+ {[%emt 0:00:30]} 13. Nxb3 {[%emt 0:00:30]} exd5 {[%emt 0:00:30]} 14. Nxd5 {[%emt 0:00:30]} Nxd5 {[%emt 0:01:30]} 15. Qxd5 {[%emt 0:00:30]} Qf6 {[%emt 0:03:30]} 16. Bd4 {[%emt 0:02:30]} Qf4+ {[%emt 0:02:30]} 17. Kb1 {[%emt 0:00:30]} Be6 {[%emt 0:01:30]} 18. Qe4 {[%emt 0:00:30]} Qc7 {[%emt 0:01:30]} 19. Qe3 {[%emt 0:01:30]} Bf5 {[%emt 0:00:30]} 20. Rd2 Rfe8 {[%emt 0:02:30]} 21. Qf2 {[%emt 0:04:00]} Bh6 {[%emt 0:00:30]} 22. Re2 {[%emt 0:06:30]} Rxe2 {[%emt 0:00:30]} 23. Qxe2 {[%emt 0:00:30]} Rc8 {[%emt 0:00:00]} 24. Bc3 {[%emt 0:00:30]} b5 {[%emt 0:01:00]} 25. Nd4 {[%emt 0:01:30]} Bd7 {[%emt 0:03:30]} 26. g3 {[%emt 0:05:30]} Bg7 {[%emt 0:00:30]} 27. Rd1 {[%emt 0:01:30]} Bxd4 {[%emt 0:04:30]} 28. Rxd4 {[%emt 0:01:30]} a5 {[%emt 0:03:30]} 29. Qd2 {[%emt 0:03:30]} Bf5 {[%emt 0:04:30]} 30. a3 {[%emt 0:02:30]} Ra8 {[%emt 0:11:30]} 31. Rd5 {[%emt 0:05:30]} b4 {[%emt 0:04:30]} 32. axb4 {[%emt 0:01:30]} axb4 {[%emt 0:00:30]} 33. Be5 {[%emt 0:01:30]} Qb6 {[%emt 0:04:30]} 34. g4 {[%emt 0:03:30]} Be6 {[%emt 0:00:30]} 35. Qd4 {[%emt 0:02:30]} Qxd4 {[%emt 0:08:30]} 36. Rxd4 {[%emt 0:00:30]} b3 {[%emt 0:02:30]} 37. cxb3 {[%emt 0:00:30]} Bxb3 {[%emt 0:02:30]} 38. Rd3 {[%emt 0:02:30]} Be6 {[%emt 0:02:30]} 39. Bf6 {[%emt 0:02:30]} h5 {[%emt 0:00:30]} 40. h3 {[%emt 0:00:30]} hxg4 {[%emt 0:00:30]} 41. hxg4 {[%emt 0:00:00]} Kf8 {[%emt 0:01:30]} 42. b4 {[%emt 0:01:00]} Rb8 {[%emt 0:00:30]} 43. Rd4 {[%emt 0:01:30]} Ke8 {[%emt 0:00:30]} 44. Kc2 {[%emt 0:00:30]} Bd7 {[%emt 0:00:30]} 45. Kd3 {[%emt 0:03:30]} Rb6 {[%emt 0:00:30]} 46. g5 {[%emt 0:01:30]} Rb7 {[%emt 0:00:30]} 47. Kc4 {[%emt 0:01:30]} Rb8 {[%emt 0:02:30]} 48. Kc5 {[%emt 0:01:30]} Rb5+ {[%emt 0:01:30]} 49. Kd6 {[%emt 0:00:00]} Rb6+ {[%emt 0:00:30]} 50. Kc7 {[%emt 0:00:00]} Rc6+ {[%emt 0:00:30]} 51. Kb7 {[%emt 0:01:30]} Rc2 {[%emt 0:03:30]} 52. b5 {[%emt 0:00:30]} Rc5 {[%emt 0:01:30]} 53. b6 {[%emt 0:02:30]} Bc6+ {[%emt 0:04:35]} 54. Kb8 {[%emt 0:00:30]} Bd5 {[%emt 0:02:59]} 55. b7 {[%emt 0:01:30]} Kd7 {[%emt 0:00:43]} 56. Ka7 {[%emt 0:03:30]} Kc6 {[%emt 0:05:04]} 57. Bd8 {[%emt 0:05:44]} Rc1 {[%emt 0:02:42]} 58. Rxd5 {[%emt 0:00:32]} 1-0